Curso de Matemática financiera y actuarial (Registro nro. 1137)

Detalles MARC
000 -LEADER
fixed length control field 01866 a2200205 4500
001 - CONTROL NUMBER
control field 23852
005 - DATE AND TIME OF LATEST TRANSACTION
control field 20260407155524.0
008 - FIXED-LENGTH DATA ELEMENTS--GENERAL INFORMATION
fixed length control field 260407a1950 arg spa d
003 - CONTROL NUMBER IDENTIFIER
control field AR-UNSa-BCEJYS
040 ## - CATALOGING SOURCE
Original cataloging agency AR-UNSa-BCEJYS
Language of cataloging spa
Transcribing agency AR-UNSa-BCEJYS
080 ## - UNIVERSAL DECIMAL CLASSIFICATION NUMBER
Universal Decimal Classification number 51-7
Common auxiliary subdivision Estudios y métodos matemáticos en otros campos del conocimiento. Matemáticas científicas. Matemáticas actuariales (Matemáticas Financieras)
100 1# - MAIN ENTRY--PERSONAL NAME
Personal name Insolera, Filadelfo
245 10 - TITLE STATEMENT
Title Curso de Matemática financiera y actuarial
264 #1 - PRODUCTION, PUBLICATION, DISTRIBUTION, MANUFACTURE, AND COPYRIGHT NOTICE
Place of production, publication, distribution, manufacture Madrid :
Name of producer, publisher, distributor, manufacturer Aguilar
Date of production, publication, distribution, manufacture, or copyright notice 1950
300 ## - PHYSICAL DESCRIPTION
Extent 484 p.
Dimensions 21 cm.
505 ## - FORMATTED CONTENTS NOTE
Formatted contents note Parte I: De la Supervivencia: 1. Líneas de una teoría de la supervivencia - 2. La supervivencia en grupos demográficos privados - 3. La supervivencia en grupos abiertos y en grupos especiales - 4. El ajuste de las tablas de supervivencia -- Parte II: De las operaciones financieras simples: 1. Valores finales y valores actuales - 2. Operaciones a breve vencimiento - 3. De las operaciones a largo vencimiento - 4. Operaciones de grupo a prima única - 5. Tablas financieras y actuariales y cálculos con ellas -- Parte III: Operaciones financieras complejas: 1. De la reserva en general - 2. De la amortización en general - 3. La renta según términos particulares - 4. La renta según sistemas particulares de capitalización - 5. La renta en la capitalización compuesta a tanto constante - 6. La renta vitalicia según hipótesis demográficas especiales - 7. De la amortización con arreglos a términos generales - 8. Empréstitos - 9. De la amortización en el seguro -- Parte IV: Reservas matemáticas, balance técnico, riesgo y seguros sociales: 1. Sobre las reservas matemáticas - 2. Sobre el balance técnico - 3. Del riesgo - 4. Sobre los seguros sociales
590 ## - LOCAL NOTE (RLIN)
Local note niveau_biblio:m niveau_hierar:0
700 1# - ADDED ENTRY--PERSONAL NAME
Personal name Martinez Velasco, Luis
942 ## - ADDED ENTRY ELEMENTS (KOHA)
Koha item type
Existencias
Withdrawn status Lost status Damaged status Not for loan Home library Current library Shelving location Date acquired Total checkouts Full call number Barcode Date last seen Price effective from Koha item type
        Biblioteca Prof. Eusebio Cleto del Rey Biblioteca Prof. Eusebio Cleto del Rey   07/04/2026   51-7 I59 L20601 07/04/2026 07/04/2026 Libro